000 00698nab a2200205 a 4500
005 20210219161101.0
008 991125s1985 mx 000 0 spa u
035 _aUPN01000178509
100 1 _aRuiz Cruz, Juana Josefa
222 _aENTRE MAESTROS :
222 _bREVISTA PARA MAESTROS DE EDUCACION BASICA
245 _aLas analogías : elementos fundamentales en el discurso de los niños en las clases de biología de la reproducción humana en la escuela primaria
260 _aMéxico
300 _a36-43
362 0 _a2009-2010 Vol. 9, no. 3, dic.-mar.
653 0 _aCONOCIMIENTO CIENTIFICO
653 0 _aEDUCACION SEXUAL
653 0 _aCONOCIMIENTO COTIDIANO
905 _aArticulo
999 _c150612
_d150612